| 000 | 00396 a2200109 4500 | ||
|---|---|---|---|
| 001 | ART_45068 | ||
| 005 | 20260410162038.0 | ||
| 008 | 260409a | ||
| 245 | 1 | 0 | _aCompetitividad y desarrollo tecnológico en la región cordobesa de Río Cuarto |
| 100 | 1 | _aSimone, Vanina Inés | |
| 773 | 0 |
_tRevista de estudios regionales y mercado de trabajo _g- N° 3 (ene./dic. 2007) _wREV44894 |
|
| 999 |
_c34641 _d34641 |
||